Juan Miró (Record no. 7745)

MARC details
000 - LÍDER
campo de control de longitud fija 00747nam a2200193Ia 4500
008 - ELEMENTOS DE DATOS DE LONGITUD FIJA - INFORMACIÓN GENERAL
campo de control de longitud fija 0000001964 ag a 0000000000spa00
090 ## - NÚMERO DE LLAMADA DE TIPO LC LOCALMENTE ASIGNADO (OCLC)
Número de clasificación (OCLC) (R) PSP00 P25j
100 1# - ENTRADA PRINCIPAL - NOMBRE PERSONAL
Nombre de la persona Penrose, Roland
245 10 - TÍTULO DECLARACIÓN
Título Juan Miró
Declaración de responsabilidad / monografías por Sir Roland Penrose ; traducción por Angel Sánchez Gijón ; enfoque de actualidad por Jorge Larco
260 ## - PUBLICACIÓN, DISTRIBUCIÓN
Lugar de publicación Buenos Aires : Codex
Fecha de publicación 1964
500 ## - NOTA GENERAL
Nota general Con el patronazgo de la empresa colombiana PLARESA
600 00 - ENTRADA DE SUJETO AÑADIDO - NOMBRE PERSONAL
Nombre de la persona MIRO, JOAN, 18931983/
Subdivisión general TRABAJOS PICTORICOS
650 14 - ENTRADA DE SUJETO AÑADIDO - TÉRMINO TÓPICO
Término tópico o elemento de entrada del nombre geográfico ARTE CONTEMPORANEO ESPAÑOL
650 14 - ENTRADA DE SUJETO AÑADIDO - TÉRMINO TÓPICO
Subdivisión general CATALOGOS
650 14 - ENTRADA DE SUJETO AÑADIDO - TÉRMINO TÓPICO
Término tópico o elemento de entrada del nombre geográfico PINTORES ESPAÑOLES
650 14 - ENTRADA DE SUJETO AÑADIDO - TÉRMINO TÓPICO
Término tópico o elemento de entrada del nombre geográfico PINTURA ESPAÑOLA
700 1# - ENTRADA AGREGADA - NOMBRE PERSONAL
Nombre de la persona Sánchez Gijón, Angel, tr. \ Larco, Jorge
Holdings
Estado de retirada Pérdida de estatus Estado dañado No para préstamo Código de recogida Ubicación permanente Ubicación actual Ubicación de las estanterías Fecha de adquisición Número de llamada completo Código de barras Fecha de la última vez que se vio Número de copia Precio efectivo desde Tipo de artículo Koha
        General ArtNexus ArtNexus General 06/09/2022 P-SP-00 P25J 7748 06/09/2022 Ej.1 06/09/2022 Libro

Powered by Koha